000 00807nam a2200253Ia 4500
003 OSt
005 20220918171447.0
006 a|||||r|||| 00| 0
007 ta
008 220917b |||||||| |||| 00| 0 eng d
020 _a9781788730822 (pbk)
_cUKP 19.99
024 _a348,454
037 _b8541, 24/01/2019, Efficient Book Distributors
_cTextual
040 _aARTS
_cARTS
_beng
041 _2eng
_aeng
082 _aR3xN26:g, Q8
100 _aCook Deborah Au.
_936745
245 0 _aAdotno Foucault and the critique of the west
260 _aLondon
_bVerso UK
_c2018
300 _ax,180p.
_ccm.
650 _aFOUCAULT, MICHEL; PHILOSOPHERS
_94984
942 _hR3xN26:g, Q8
_cTEXL
_2CC
999 _c139666
_d139666